Gaming Quiz

Random Gaming Quiz

Disgaea 1 Characters Quiz Stats

Quiz not verified by Sporcle

Challenge
Share
Tweet
Embed
Score 0/15 Timer 05:00
0 Plays Today
Name of Characters % Correct
Etna
99.3%
Laharl
98%
Flonne
93.4%
Vyers
89.5%
Gordon
80.3%
Thursday
77%
Jennifer
74.3%
Lamington
67.1%
Name of Characters % Correct
Vulcanus
66.4%
Kurtis
63.2%
Big Sis Prinny
55.3%
Hoggmeiser
52.6%
Maderas
45.4%
General Carter
28.3%
Aramis
17.8%

You're not logged in!

Compare scores with friends on all Sporcle quizzes.
Join for Free
OR
Log In

You Might Also Like...

Show Comments

Extras

Created Jan 1, 2012ReportNominate
Tags:character, disgaea, RPGs

Top Quizzes Today


Score Distribution

Your Account Isn't Verified!

In order to create a playlist on Sporcle, you need to verify the email address you used during registration. Go to your Sporcle Settings to finish the process.

Report this User

Report this user for behavior that violates our Community Guidelines.

Details: